[Event "Klaipeda Sea op-B 13th"]
[Site "Klaipeda"]
[Date "2016.07.28"]
[Round "4"]
[White "Kozhakin, Michail"]
[Black "Borisovaite, Ana"]
[Result "1/2-1/2"]
[WhiteElo "1125"]
[BlackElo "1327"]
[PlyCount "91"]
[EventDate "2016.07.25"]
[EventType "swiss"]
[EventRounds "7"]
[EventCountry "LTU"]
[SourceTitle "EXT 2018"]
[Source "ChessBase"]
[SourceDate "2017.10.13"]
[SourceVersion "1"]
[SourceVersionDate "2017.10.13"]
[SourceQuality "1"]

1. d4 d5 2. c4 e6 3. Nc3 Nf6 4. e3 Be7 5. Bd3 0-0 6. Nf3 c5 7. cxd5 Nxd5 8. Qc2 Nf6 9. Ne4 Nxe4 10. Bxe4 h6 11. dxc5 Qa5+ 12. Bd2 Qxc5 13. Qb3 Nc6 14. Rc1 Qd6 15. 0-0 f5 16. Bd3 Rb8 17. Bb5 Bd7 18. Rfd1 Qc7 19. Ba5 Nxa5 20. Bxd7 Qxd7 21. Rxd7 Nxb3 22. axb3 Bf6 23. Nd4 Bxd4 24. exd4 Rf7 25. Rxf7 Kxf7 26. Rc7+ Kf6 27. f3 a6 28. Kf2 b5 29. Ke3 a5 30. Rc5 a4 31. b4 g6 32. f4 g5 33. g3 g4 34. Kd3 h5 35. Ke3 Kg6 36. d5 exd5 37. Rxd5 Re8+ 38. Kd3 Re1 39. Rxb5 Rh1 40. Ra5 Rxh2 41. b5 Rxb2 42. Kc3 a3 43. Ra6+ Kg7 44. b6 Rb5 45. Ra7+ Kg6 46. b7 1/2-1/2

[Event "Klaipeda Sea op-B 13th"]
[Site "Klaipeda"]
[Date "2016.07.25"]
[Round "1"]
[White "Maciuitis, Ignas"]
[Black "Kozhakin, Michail"]
[Result "1-0"]
[WhiteElo "1570"]
[BlackElo "1125"]
[PlyCount "69"]
[EventDate "2016.07.25"]
[EventType "swiss"]
[EventRounds "7"]
[EventCountry "LTU"]
[SourceTitle "EXT 2018"]
[Source "ChessBase"]
[SourceDate "2017.10.13"]
[SourceVersion "1"]
[SourceVersionDate "2017.10.13"]
[SourceQuality "1"]

1. e4 c6 2. d4 d5 3. e5 Bf5 4. Nf3 e6 5. Be2 c5 6. 0-0 Nc6 7. c3 Qb6 8. b3 Be7 9. Be3 cxd4 10. cxd4 Bb4 11. h3 Qd8 12. a3 Ba5 13. b4 Bc7 14. Nc3 Nge7 15. Nb5 0-0 16. Rc1 Rc8 17. Nxc7 Rxc7 18. Nh4 Be4 19. Qd2 Ng6 20. Bg5 Qd7 21. f3 Nxh4 22. fxe4 Ng6 23. exd5 Qxd5 24. b5 Qxd4+ 25. Qxd4 Nxd4 26. Rxc7 Nxe2+ 27. Kh1 Ng3+ 28. Kg1 Nxf1 29. Kxf1 Nxe5 30. Rxb7 a6 31. bxa6 Ra8 32. a7 Nc6 33. Be3 Kf8 34. Rb6 Rc8 35. Rxc6 1-0

[Event "Klaipeda Boksto op"]
[Site "Klaipeda"]
[Date "2016.04.10"]
[Round "1"]
[White "Galuscak, Viktoras"]
[Black "Kozhakin, Michail"]
[Result "1-0"]
[WhiteElo "1884"]
[BlackElo "1141"]
[PlyCount "55"]
[EventDate "2016.04.10"]
[EventType "swiss"]
[EventRounds "8"]
[EventCountry "LTU"]
[SourceTitle "CBM 172 Extra"]
[Source "ChessBase"]
[SourceDate "2016.06.21"]
[SourceVersion "1"]
[SourceVersionDate "2016.06.21"]
[SourceQuality "1"]

1. Nf3 d5 2. c4 c6 3. Qc2 Nf6 4. d4 e6 5. Bg5 Bd6 6. e3 Nbd7 7. Nc3 0-0 8. Bd3 h6 9. Bh4 b6 10. cxd5 cxd5 11. Nb5 Be7 12. Bg3 Bb7 13. 0-0 Rc8 14. Bc7 Qe8 15. Nxa7 Ra8 16. Nb5 Rc8 17. Qb3 Bc6 18. Nd6 Bxd6 19. Bxd6 Nb8 20. Bxf8 Qxf8 21. Ne5 Qd6 22. Qxb6 Nbd7 23. Qa6 Rc7 24. Rfc1 Nb8 25. Qa5 Nbd7 26. Rxc6 Rxc6 27. Qa8+ Qb8 28. Qxb8+ 1-0